| 000 | 01639cam a22004217a 4500 | ||
|---|---|---|---|
| 003 | CHAP | ||
| 005 | 20220817043734.0 | ||
| 008 | 001211d2000 mx r 00110 esp d | ||
| 010 | _a83107 | ||
| 011 | _a84079 | ||
| 020 | _a970704005X | ||
| 035 | _a94598 | ||
| 040 | _cCHAP | ||
| 082 | 0 | 4 |
_a361 _bC62 |
| 111 | 0 | 0 |
_aColoquio Internacional de Servicio Social Comunitario _d(1999 : _cJalapa, Ver.) _925433 |
| 245 | 1 | 0 |
_aJóvenes, justicia social y desarrollo : _bmemoria _c/coord. por Ma. Dolores Sánchez Soler, Ana de Gortari Pedroza y Diana Cecilia Ortega Amiera |
| 260 |
_aMéxico, D. F. : _bAsociacion Nacional de Universidades e Institutciones de Educación Superior, _c2000. |
||
| 300 | _a3 v. | ||
| 490 | 0 | _aColección documentos | |
| 590 |
_aBATCH-UPD _b10 _c20130110 _lUCH01 _h0503 |
||
| 590 |
_aBATCH-UPD _b10 _c20130410 _lUCH01 _h0141 |
||
| 590 |
_aBATCH-UPD _b10 _c20130914 _lUCH01 _h1004 |
||
| 590 |
_aCONVERSION _b10 _c20130109 _lUCH01 _h1346 |
||
| 650 | 1 | 4 | _aDesarrollo social. |
| 650 | 1 | 4 | _aEducación superior. |
| 650 | 1 | 4 |
_aPobreza. _989463 |
| 650 | 1 | 4 |
_aServicio social _xCongresos. _9105317 |
| 700 | 0 |
_aGortari Pedroza, Ana de _ecoord. _950059 |
|
| 700 | 0 |
_aOrtega Amiera, Diana Cecilia _ecoord. _983762 |
|
| 700 | 0 |
_aSánchez Soler, María Dolores _ecoord. _9107877 |
|
| 830 | 0 |
_aColección documentos _924828 |
|
| 901 | _aBK | ||
| 905 | _aLilia Sánchez G. | ||
| 942 | _cLIBRO | ||
| 949 |
_a361 C62 _bBC _cLIBRO _d33724000811972 _eLIBRO _fv.3 _h99245 _i94598 _si |
||
| 949 |
_a361 C62 _bBC _cLIBRO _d33724000812038 _eLIBRO _fv.2 _h99244 _i94598 _si |
||
| 949 |
_a361 C62 _bBC _cLIBRO _d33724000812095 _eLIBRO _fv.1 _h99243 _i94598 _si |
||
| 999 |
_c83107 _d83107 |
||